00714nam a22001817a 4500003000200000005001700002008004100019050002300060100003100083245011100114260007100225300002500296500003900321504005600360650004200416650003600458650003800494020250219164047.0250219b xxu||||| |||| 00| 0 eng d aHF 5667b.H47 2023 aHerrera, partricia iole C. aThe moral intensity of reduced audit quality(raq) acts: the auditors' perceptioncPatricia iole C. Herrera aLas Pinas CitybSouthville International School and Collegesc2023 ax, 116 pages;c28cm. abachelor of Science in Accountancy aIncludes bibliographical references and appendices. aAuditing—Moral and ethical aspects. aAuditors—Professional ethics. aReduced audit quality (RAQ) acts.